Závitová měřidla. STN 25 4223 : Porovnávací kalibry opotřebení pro závitové kroužky s dobrou stranou. Závit lichobežníkový rovnoramenný pr. 10 až 100 mm. Účinnost: 1.7.1963

Guardado en:
Detalles Bibliográficos
Formato: Libro
Lenguaje:checo
Publicado: Praha : Úřad pro normalizaci a měření, 1962
Materias:
Etiquetas: Agregar Etiqueta
Sin Etiquetas, Sea el primero en etiquetar este registro!

MARC

LEADER 00000nam a22000003a 4500
001 stu79739
005 20150408175429.7
008 030313s1962----cs------------------cze-d
040 |a STU  |b slo 
041 0 |a cze 
044 |a cs 
080 |a 531.729.5 
245 |a Závitová měřidla. STN 25 4223 :  |b Porovnávací kalibry opotřebení pro závitové kroužky s dobrou stranou. Závit lichobežníkový rovnoramenný pr. 10 až 100 mm. Účinnost: 1.7.1963 
260 |a Praha :  |b Úřad pro normalizaci a měření,  |c 1962 
300 |a 3 s 
650 7 |a meradlá závitové  |2 stusub 
996 |b 284M039478  |c M*N-715-1  |l MMKN  |s A  |a 24  |w stu79739_0001